<?xml version="1.0" encoding="UTF-8"?>
<record
    xmlns:xsi="http://www.w3.org/2001/XMLSchema-instance"
    xsi:schemaLocation="http://www.loc.gov/MARC21/slim http://www.loc.gov/standards/marcxml/schema/MARC21slim.xsd"
    xmlns="http://www.loc.gov/MARC21/slim">

  <leader>00514nam a2200181Ia 4500</leader>
  <controlfield tag="008">230718s9999    xx            000 0 und d</controlfield>
  <datafield tag="020" ind1=" " ind2=" ">
    <subfield code="a">9780199476299</subfield>
  </datafield>
  <datafield tag="041" ind1=" " ind2=" ">
    <subfield code="a">eng</subfield>
  </datafield>
  <datafield tag="082" ind1=" " ind2=" ">
    <subfield code="a">621.381'5</subfield>
    <subfield code="b">SED</subfield>
  </datafield>
  <datafield tag="100" ind1=" " ind2=" ">
    <subfield code="a">Sedra A.S.</subfield>
  </datafield>
  <datafield tag="245" ind1=" " ind2=" ">
    <subfield code="a">Microelectronic Circuits </subfield>
    <subfield code="b">Theory And Applications</subfield>
  </datafield>
  <datafield tag="250" ind1=" " ind2=" ">
    <subfield code="a">7th ed.</subfield>
  </datafield>
  <datafield tag="260" ind1=" " ind2=" ">
    <subfield code="c">2017</subfield>
    <subfield code="b">Oxford University Press</subfield>
  </datafield>
  <datafield tag="300" ind1=" " ind2=" ">
    <subfield code="a">1336</subfield>
  </datafield>
  <datafield tag="365" ind1=" " ind2=" ">
    <subfield code="c">Rs.</subfield>
    <subfield code="b">850.00</subfield>
  </datafield>
  <datafield tag="700" ind1=" " ind2=" ">
    <subfield code="a">Sedra A.S. &amp; Smith K.C.</subfield>
    <subfield code="9">185253</subfield>
  </datafield>
  <datafield tag="906" ind1=" " ind2=" ">
    <subfield code="d">O:0584316-Jan-2018B:509309-Jan-2018</subfield>
    <subfield code="c">SE</subfield>
    <subfield code="b">2380</subfield>
  </datafield>
  <datafield tag="999" ind1=" " ind2=" ">
    <subfield code="c">346732</subfield>
    <subfield code="d">346732</subfield>
  </datafield>
  <datafield tag="952" ind1=" " ind2=" ">
    <subfield code="0">0</subfield>
    <subfield code="1">0</subfield>
    <subfield code="4">0</subfield>
    <subfield code="7">0</subfield>
    <subfield code="a">CCEP</subfield>
    <subfield code="b">CCEP</subfield>
    <subfield code="d">2018-01-16</subfield>
    <subfield code="e">Vaibhav Book House</subfield>
    <subfield code="f">SE</subfield>
    <subfield code="g">612.00</subfield>
    <subfield code="i">5093</subfield>
    <subfield code="l">0</subfield>
    <subfield code="o">621.381'5</subfield>
    <subfield code="p">CCEP-BK-57939</subfield>
    <subfield code="r">2023-07-18 00:00:00</subfield>
    <subfield code="t">2380</subfield>
    <subfield code="v">850.00</subfield>
    <subfield code="w">2018-01-09</subfield>
    <subfield code="y">BK</subfield>
    <subfield code="z">057939</subfield>
  </datafield>
</record>
